Classical groups and geometric algebra
Αποθηκεύτηκε σε:
| Κύριος συγγραφέας: | |
|---|---|
| Μορφή: | Βιβλίο |
| Γλώσσα: | English |
| Δημοσίευση: |
Providence, R.I. :
American Mathematical Society,
c2002
|
| Σειρά: | Graduate studies in mathematics ;
; 39 |
| Θέματα: | |
| Ετικέτες: |
Προσθήκη ετικέτας
Δεν υπάρχουν, Καταχωρήστε ετικέτα πρώτοι!
|
MARC
| LEADER | 00000nam a2200000 i 4500 | ||
|---|---|---|---|
| 001 | 1/81927 | ||
| 008 | 080411s2002 eng d | ||
| 020 | |a 0-8218-2019-2 | ||
| 035 | |l 10096558 | ||
| 040 | |a GR-MY-UA |b gre |e aacr | ||
| 041 | 0 | |a eng | |
| 082 | 0 | |a 512.2 |2 (22) | |
| 100 | 1 | |a Grove, Larry C. | |
| 245 | 1 | 0 | |a Classical groups and geometric algebra / |c Larry C. Grove |
| 260 | |a Providence, R.I. : |b American Mathematical Society, |c c2002 | ||
| 300 | |a x, 169 σ.; |b εικ.; |c 26 εκ. | ||
| 490 | 1 | |a Graduate studies in mathematics |v ; 39 | |
| 504 | |a Περιέχει βιβλιογραφικές παραπομπές (σ. 161-163) και ευρετήριο | ||
| 650 | 0 | 0 | |a Group theory. |
| 650 | 0 | 0 | |a Geometry, Algebraic. |
| 830 | 0 | |a Graduate studies in mathematics ; |v ; 39 | |
| 852 | |a INST |b SAMOS |e 20080411 |h 512.2 GRO |p 005300030494 |q 005300030494 |t BK |y 0 | ||
| 901 | |a BIBL3-2008-1 | ||
| 909 | |a Σ |b 151967 | ||
| 922 | |a 3ΕΛΗ |b 200803 |c ΕΠΕΑΕΚ2/ΤΜΗΜΑ ΜΑΘΗΜΑΤΙΚΩΝ |d ΕΛΕΥΘΕΡΟΥΔΑΚΗΣ | ||
| 970 | |a ΡΟΥΣΣΟΥ |b ΚΩΝΣΤΑΝΤΙΝΑ |z 2008/04/11 | ||